000 00782nam a2200193Ia 4500
003 GCL
008 140319s9999 xx 000 0 ara d
040 _aGCL /
_cGCL
082 0 4 _a251.12
_bت م
100 1 _aاحمد محمد شاكر
245 1 0 _aمن الروائع:العمدة فى الاحكام فى معالم الحلال والحرام عن خيرالانام عليه الصلاه والسلام مما اتفق عليه الشيخان البخارى ومسلم /
_cاحمد محمد شاكر
700 1 _aتقى الدين ابن محمد الحنبلى
260 _a[S.N] :
_bمكتبة السنة للنشر والتوزيع ،
_c1987
300 _a199 ص
490 _a
650 0 4 _aالحديث
650 0 4 _aالسنة النبوية
942 _2ddc
_cBK
999 _c41270
_d41270